| 000 | 01019nam0a22002651 4500 | ||
|---|---|---|---|
| 001 | rc\3559254 | ||
| 005 | 20250610072417.0 | ||
| 021 |
_aRU _b[76-32873] |
||
| 035 | _a(NLR Aleph) 007796492 | ||
| 090 |
_a7669187 _c7669187 |
||
| 100 | _a20130115d1976 |||y0rusy50 ca | ||
| 101 | 0 | _arus | |
| 102 | _aRU | ||
| 105 | _aa z ||||| | ||
| 200 | 1 |
_aЭффективность интенсификации горнопроходческих работ при строительстве шахт _e(Вопросы теории и методологии) _fП.В. Нагибин |
|
| 210 |
_aМосква _cНедра _d1976 |
||
| 215 |
_a181 с. _cил. _d22 |
||
| 320 | _aСписок лит.: с. 178-179 (25 назв.) | ||
| 606 |
_aШахтное строительство _xЭкономическая эффективность _2psbo |
||
| 700 | 1 |
_aНагибин _bП.В. _gПавел Васильевич |
|
| 801 | 0 |
_aRU _bNLR _gpsbo |
|
| 801 | 1 |
_aRU _bELAR _2rusmarc |
|
| 852 |
_aNLR _j76-5/3616 |
||
| 942 | _cBOOK | ||
| 980 | _aNB | ||